[Event "PRO League Group Stage"]
[Site "chess.com INT"]
[Date "2019.01.30"]
[Round "4"]
[White "Sevian, Samuel"]
[Black "Zhao, Jun"]
[Result "1-0"]
[WhiteTitle "GM"]
[BlackTitle "GM"]
[WhiteElo "2647"]
[BlackElo "2610"]
[WhiteTeam "Montclair Sopranos"]
[BlackTeam "Chengdu Pandas"]
[WhiteFideId "2040506"]
[BlackFideId "8602522"]
[EventDate "2019.01.08"]

1. e4 c5 2. Nf3 d6 3. d4 cxd4 4. Nxd4 Nf6 5. Nc3 a6 6. Be2 e5 7. Nb3 Be7 8. Be3
Be6 9. Nd5 Nbd7 10. Qd3 O-O 11. O-O Bxd5 12. exd5 Ne8 13. c4 a5 14. g3 Bg5 15.
f4 exf4 16. gxf4 Bf6 17. Nd4 Nc5 18. Qc2 Nc7 19. Nf5 N7a6 20. a3 Re8 21. Rf3 Qd7
22. Rh3 Ne4 23. Bg4 Qc7 24. Bf3 Nac5 25. Kh1 g6 26. Rg1 Kh8 27. Qg2 a4 28. Rh6
Qd7 29. Qh3 Qxf5 30. Rxh7+ Kg8 31. Qxf5 Kxh7 32. Qg4 Ng3+ 33. Rxg3 Rxe3 34. f5
g5 35. Qh5+ Kg7 36. Rxg5+ Kf8 37. Rg2 Ke7 38. Re2 Rxe2 39. Bxe2 Bxb2 40. Qh4+
Bf6 41. Qg3 Ra6 42. Qe3+ Kf8 43. Qh6+ Ke7 44. Qe3+ Kf8 45. h4 Rb6 46. Qf4 Ke7
47. Qe3+ Kf8 48. Bd1 Rb1 49. Qd2 Ne4 50. Qh6+ Ke7 51. Qe3 Rxd1+ 52. Kg2 Rd4 53.
h5 Rxc4 54. h6 Kd7 55. h7 Rc2+ 56. Kf1 Rc1+ 57. Qxc1 Ng5 58. Qxg5 1-0

[Event "PRO League Group Stage"]
[Site "chess.com INT"]
[Date "2019.01.30"]
[Round "4"]
[White "Bai, Jinshi"]
[Black "Lenderman, Aleksandr"]
[Result "1/2-1/2"]
[WhiteTitle "GM"]
[BlackTitle "GM"]
[WhiteElo "2572"]
[BlackElo "2637"]
[WhiteTeam "Chengdu Pandas"]
[BlackTeam "Montclair Sopranos"]
[WhiteFideId "8602280"]
[BlackFideId "2021285"]
[EventDate "2019.01.08"]

1. Nf3 c5 2. c4 Nc6 3. Nc3 g6 4. e3 Nf6 5. d4 cxd4 6. exd4 d5 7. cxd5 Nxd5 8.
Bc4 Nxc3 9. Qb3 e6 10. bxc3 Bd7 11. Be2 Na5 12. Qc2 Bg7 13. Ba3 Bf8 14. Bxf8
Kxf8 15. h4 Rc8 16. h5 g5 17. h6 Bc6 18. O-O Bd5 19. Ne5 Nc6 20. Qd2 Nxe5 21.
dxe5 Bc6 22. Qe3 Qb6 23. Qxb6 axb6 24. Rab1 Rg8 25. Bd3 g4 26. Rxb6 Rg5 27. Re1
Rd8 28. Bb5 g3 29. fxg3 Rxg3 30. Bxc6 bxc6 31. Re2 Rxc3 32. Rb7 Rcd3 33. Rc2
R3d5 34. Rf2 R8d7 35. Rxd7 Rxd7 36. Rc2 Rd5 37. Rxc6 Rxe5 38. Rc8+ Ke7 39. Rh8
Kf6 40. Rxh7 Kg6 41. Rg7+ Kxh6 42. Rxf7 Ra5 43. Rf2 Kg5 44. Re2 e5 45. Kf2 Kf4
46. g3+ Kf5 47. Rb2 Ra3 48. Rc2 Kg4 49. Rc4+ Kg5 50. Rc2 Kg4 51. Rc4+ Kg5 52.
Rc2 Kg4 1/2-1/2

[Event "PRO League Group Stage"]
[Site "chess.com INT"]
[Date "2019.01.30"]
[Round "4"]
[White "Checa, Nicolas"]
[Black "Li, Di"]
[Result "0-1"]
[WhiteTitle "IM"]
[BlackTitle "IM"]
[WhiteElo "2508"]
[BlackElo "2488"]
[WhiteTeam "Montclair Sopranos"]
[BlackTeam "Chengdu Pandas"]
[WhiteFideId "2069342"]
[BlackFideId "8607508"]
[EventDate "2019.01.08"]

1. d4 d5 2. c4 e6 3. Nc3 a6 4. cxd5 exd5 5. Nf3 c6 6. Bg5 Be7 7. Bxe7 Nxe7 8. e3
O-O 9. Be2 Bf5 10. O-O Qd6 11. Na4 Nd7 12. Rc1 Rfe8 13. Qb3 Rab8 14. Qc3 Bg4 15.
b4 Nf5 16. Nc5 Nf6 17. Qc2 Bxf3 18. Bxf3 g6 19. g3 Qe7 20. a4 Nd6 21. Be2 h5 22.
b5 axb5 23. axb5 cxb5 24. Qb3 h4 25. Bxb5 Red8 26. Rfe1 Kg7 27. Bf1 Nde4 28.
Nxe4 Nxe4 29. Qb6 hxg3 30. hxg3 Rd6 31. Qc7 Qf6 32. Re2 Rh8 33. Bg2 Ng5 34. Qxb7
Qf5 35. Qc7 Rf6 36. Qc2 Nf3+ 37. Kf1 Qh5 38. Bxf3 Qxf3 39. Ke1 Rh2 40. Qc7 Rxf2
41. Rcc2 Qh1+ 42. Kd2 Rxe2+ 43. Kxe2 Qf1+ 44. Kd2 Rf2+ 45. Kc3 Qa1+ 0-1

[Event "PRO League Group Stage"]
[Site "chess.com INT"]
[Date "2019.01.30"]
[Round "4"]
[White "Zhai, Mo"]
[Black "Foisor, Sabina-Francesca"]
[Result "1-0"]
[WhiteTitle "WGM"]
[BlackTitle "WGM"]
[WhiteElo "2365"]
[BlackElo "2276"]
[WhiteTeam "Chengdu Pandas"]
[BlackTeam "Montclair Sopranos"]
[WhiteFideId "8600201"]
[BlackFideId "1212915"]
[EventDate "2019.01.08"]

1. d4 d5 2. c4 c6 3. cxd5 cxd5 4. Bf4 e6 5. Nc3 Bd6 6. Bxd6 Qxd6 7. e3 Nc6 8.
Bd3 Nge7 9. Nf3 f6 10. O-O Bd7 11. Rc1 O-O 12. a3 Be8 13. Re1 Bg6 14. Bxg6 Nxg6
15. e4 Rad8 16. exd5 exd5 17. Qb3 Na5 18. Qa4 Nc4 19. Qb3 Na5 20. Qa4 Nc4 21.
Qb5 a6 22. Qxb7 Rf7 23. Qxd5 Qxd5 24. Nxd5 Nxb2 25. Nb4 a5 26. Nc6 Ra8 27. Rb1
Nc4 28. a4 Rc8 29. d5 Rd7 30. Rec1 Nce5 31. Nfxe5 fxe5 32. Rc5 Kf8 33. Rxa5 Nf4
34. g3 Nxd5 35. Nxe5 Rdd8 36. Rb7 Rc7 37. Rxc7 Nxc7 38. Ra7 Ne6 39. Rf7+ Ke8 40.
Ra7 Rd1+ 41. Kg2 Ra1 42. a5 Nc5 43. Rxg7 Rxa5 44. Rxh7 Ne4 45. Nd3 Ra3 46. Rh4
Nxg3 47. hxg3 Rxd3 48. Ra4 Kf7 49. Ra6 Rb3 50. g4 Kg7 51. f3 Rb4 52. Kg3 Rc4 53.
g5 Rc1 54. Kg4 Rf1 55. f4 Rb1 56. Ra7+ Kg8 57. g6 Rg1+ 58. Kf5 Rc1 59. Kg5 Kh8
60. f5 Rc6 61. Ra8+ Kg7 62. f6+ Rxf6 63. Ra7+ 1-0

[Event "PRO League Group Stage"]
[Site "chess.com INT"]
[Date "2019.01.30"]
[Round "4"]
[White "Demchenko, Anton"]
[Black "Sevian, Samuel"]
[Result "0-1"]
[WhiteTitle "GM"]
[BlackTitle "GM"]
[WhiteElo "2679"]
[BlackElo "2647"]
[WhiteTeam "New York Marshalls"]
[BlackTeam "Montclair Sopranos"]
[WhiteFideId "4160258"]
[BlackFideId "2040506"]
[EventDate "2019.01.08"]

1. e4 e5 2. Nf3 Nc6 3. Bc4 Nf6 4. d3 Bc5 5. Bg5 h6 6. Bh4 Be7 7. Bg3 d6 8. a4
O-O 9. h3 Be6 10. Bxe6 fxe6 11. Nbd2 Qe8 12. O-O Nh5 13. Bh2 Qg6 14. c3 Rf7 15.
b4 Raf8 16. Kh1 Bg5 17. Nxg5 Qxg5 18. Qe2 Ne7 19. Rad1 Ng6 20. Nc4 Nhf4 21. Qg4
Qxg4 22. hxg4 Ne2 23. f3 Nxc3 24. Ra1 Ne2 25. Na5 Rb8 26. Ra2 Nd4 27. Bg1 Nf4
28. Rd2 b6 29. Nc4 b5 30. axb5 Rxb5 31. Bxd4 exd4 32. Ra1 Rxb4 33. Rxa7 Nxd3 34.
Nxd6 cxd6 35. Ra8+ Rf8 36. Rxf8+ Kxf8 37. Rxd3 Ke7 38. Ra3 Rb1+ 39. Kh2 Rc1 40.
Kg3 g5 41. Ra4 e5 42. Kf2 Rc2+ 43. Kf1 Ke6 44. Ra8 d3 45. Ra1 d5 46. Rd1 Rc3 47.
Ke1 dxe4 48. fxe4 Rc4 49. Kd2 Rxe4 50. Rh1 Rd4 51. Rxh6+ Kd5 52. Rh8 Ke4 53. Rh3
Kf4 54. Rf3+ Kxg4 55. Re3 e4 56. Rh3 Ra4 57. Ke3 Ra1 0-1

[Event "PRO League Group Stage"]
[Site "chess.com INT"]
[Date "2019.01.30"]
[Round "4"]
[White "Lenderman, Aleksandr"]
[Black "Azarov, Sergei"]
[Result "1/2-1/2"]
[WhiteTitle "GM"]
[BlackTitle "GM"]
[WhiteElo "2637"]
[BlackElo "2575"]
[WhiteTeam "Montclair Sopranos"]
[BlackTeam "New York Marshalls"]
[WhiteFideId "2021285"]
[BlackFideId "13501470"]
[EventDate "2019.01.08"]

1. Nf3 Nf6 2. c4 e6 3. Nc3 Bb4 4. Qc2 O-O 5. a3 Bxc3 6. Qxc3 d6 7. g3 e5 8. Bg2
c5 9. O-O Nc6 10. d3 Bg4 11. Bg5 h6 12. Bxf6 Qxf6 13. Rae1 Rae8 14. Nd2 Nd4 15.
f3 Bc8 16. e3 Nc6 17. f4 Qg6 18. Nf3 exf4 19. Nh4 Qh5 20. Rxf4 Qe5 21. Qd2 g5
22. Re4 Qg7 23. Rxe8 Rxe8 24. Nf3 Bg4 25. b4 Re7 26. b5 Ne5 27. Nxe5 Qxe5 28.
Bd5 Kg7 29. Rf1 f6 30. Re1 Be6 31. d4 Qf5 32. e4 Qg4 33. dxc5 dxc5 34. Qf2 Bxd5
35. exd5 Rxe1+ 36. Qxe1 Qxc4 37. Qe7+ Kg6 38. Qe8+ Kg7 39. Qe7+ Kg6 40. Qe8+ Kg7
41. Qe7+ Kg6 42. Qe8+ Kg7 1/2-1/2

[Event "PRO League Group Stage"]
[Site "chess.com INT"]
[Date "2019.01.30"]
[Round "4"]
[White "Bykhovsky, Anatoly"]
[Black "Checa, Nicolas"]
[Result "1/2-1/2"]
[WhiteTitle "GM"]
[BlackTitle "IM"]
[WhiteElo "2496"]
[BlackElo "2508"]
[WhiteTeam "New York Marshalls"]
[BlackTeam "Montclair Sopranos"]
[WhiteFideId "2806991"]
[BlackFideId "2069342"]
[EventDate "2019.01.08"]

1. Nf3 d5 2. g3 Bg4 3. Bg2 Nd7 4. O-O c6 5. d4 e6 6. Nbd2 Ngf6 7. Re1 Be7 8. e4
dxe4 9. Nxe4 Nxe4 10. Rxe4 Nf6 11. Re1 O-O 12. h3 Bh5 13. c3 Qc7 14. g4 Bg6 15.
Ne5 Nd7 16. Bf4 Nxe5 17. Bxe5 Bd6 18. h4 Bxe5 19. Rxe5 h6 20. Qf3 Rae8 21. Rae1
f6 22. Rxe6 Rxe6 23. Rxe6 Bf7 24. Re1 Bxa2 25. Qf5 Bf7 26. Be4 Re8 27. Re3 Kf8
28. g5 hxg5 29. hxg5 fxg5 30. Qxg5 Qe7 31. Qg4 Qe6 32. Qh4 Qh6 33. Qg4 Qe6 34.
Qh4 Qh6 35. Qg4 1/2-1/2

[Event "PRO League Group Stage"]
[Site "chess.com INT"]
[Date "2019.01.30"]
[Round "4"]
[White "Foisor, Sabina-Francesca"]
[Black "Jacobson, Aaron"]
[Result "1-0"]
[WhiteTitle "WGM"]
[BlackTitle "FM"]
[WhiteElo "2276"]
[BlackElo "2286"]
[WhiteTeam "Montclair Sopranos"]
[BlackTeam "New York Marshalls"]
[WhiteFideId "1212915"]
[BlackFideId "2089912"]
[EventDate "2019.01.08"]

1. d4 Nf6 2. c4 e6 3. Nf3 c5 4. e3 d5 5. Nc3 a6 6. a3 dxc4 7. Bxc4 b5 8. Ba2 Bb7
9. O-O Nbd7 10. Qe2 Qb6 11. Rd1 Be7 12. e4 cxd4 13. Nxd4 Nc5 14. e5 Nfd7 15. b4
Na4 16. Nxa4 bxa4 17. Be3 Qc7 18. f4 Nxe5 19. fxe5 Qxe5 20. Bf2 Qg5 21. Nf3 Qg6
22. Rac1 Be4 23. Rc7 Bd8 24. Rcd7 O-O 25. Bc5 Re8 26. Ne5 Qf5 27. Nxf7 Bc2 28.
R1d2 Bb3 29. Bxb3 axb3 30. Nxd8 b2 31. Rxb2 Raxd8 32. Rbd2 Rxd7 33. Rxd7 e5 34.
Qc4+ Kh8 35. h3 Qxd7 36. Qxa6 Qd5 37. Qb5 Ra8 38. a4 e4 39. a5 e3 40. Qe2 Qd2
41. Qxe3 Qd1+ 42. Kh2 Qd5 43. Qf3 Qd8 44. Bb6 Qd6+ 45. Kh1 Rc8 46. Bc5 Qb8 47.
Kg1 Re8 48. a6 Qe5 49. a7 Qa1+ 50. Kh2 Qe5+ 51. Qg3 Qe4 52. Qf3 Qe5+ 53. Qg3 Qe4
54. Bd6 Qc6 55. Bb8 Qb7 56. b5 Qxb5 57. a8=Q Qf5 58. Qa7 Rg8 59. Be5 Qf8 60. Qc7
h6 61. Qg6 1-0

[Event "PRO League Group Stage"]
[Site "chess.com INT"]
[Date "2019.01.30"]
[Round "4"]
[White "Dreev, Aleksey"]
[Black "Robson, Ray"]
[Result "1/2-1/2"]
[WhiteTitle "GM"]
[BlackTitle "GM"]
[WhiteElo "2670"]
[BlackElo "2667"]
[WhiteTeam "San Diego Surfers"]
[BlackTeam "Webster Windmills"]
[WhiteFideId "4100107"]
[BlackFideId "2023970"]
[EventDate "2019.01.08"]

1. d4 d5 2. c4 c6 3. Nf3 Nf6 4. e3 Bg4 5. Nc3 e6 6. Qb3 Qb6 7. Nh4 Be7 8. h3 Bh5
9. g4 Bg6 10. Nxg6 hxg6 11. Bg2 g5 12. Bd2 Nbd7 13. O-O-O Qxb3 14. axb3 Nf8 15.
e4 Nxe4 16. Nxe4 dxe4 17. Bxe4 f6 18. d5 cxd5 19. cxd5 e5 20. d6 Bxd6 21. Bxg5
Bc5 22. Be3 Bxe3+ 23. fxe3 Ke7 24. Bxb7 Rb8 25. Bd5 Ne6 26. Rh2 Nc5 27. Rc2
Nxb3+ 28. Kb1 Rxh3 29. Rc7+ Kd6 30. Rc6+ Ke7 31. Rc7+ Kd6 32. Rc6+ Ke7 33. Rc7+ 1/2-1/2

[Event "PRO League Group Stage"]
[Site "chess.com INT"]
[Date "2019.01.30"]
[Round "4"]
[White "Ashwin, Jayaram"]
[Black "Brown, Michael William"]
[Result "1-0"]
[WhiteTitle "GM"]
[BlackTitle "IM"]
[WhiteElo "2500"]
[BlackElo "2524"]
[WhiteTeam "Webster Windmills"]
[BlackTeam "San Diego Surfers"]
[WhiteFideId "5018137"]
[BlackFideId "2037602"]
[EventDate "2019.01.08"]

1. d4 Nf6 2. c4 e6 3. Nc3 Bb4 4. e3 O-O 5. Ne2 c5 6. a3 cxd4 7. axb4 dxc3 8.
Nxc3 b6 9. Be2 Bb7 10. O-O a6 11. b3 Qc7 12. Ba3 d5 13. Rc1 dxc4 14. bxc4 Rd8
15. Qc2 Nbd7 16. Rfd1 Ne5 17. Rxd8+ Rxd8 18. Rd1 Rxd1+ 19. Qxd1 b5 20. cxb5 axb5
21. Nxb5 Qc6 22. Qd8+ Ne8 23. Bf1 h6 24. Nd4 Qa4 25. Bb2 Kh7 26. b5 Qd1 27. Nc6
Qd7 28. Bxe5 Bxc6 29. Bd3+ g6 30. Qxd7 Bxd7 31. b6 Bc6 32. Ba6 f6 33. Bg3 1-0

[Event "PRO League Group Stage"]
[Site "chess.com INT"]
[Date "2019.01.30"]
[Round "4"]
[White "Sheng, Joshua"]
[Black "Boros, Denes"]
[Result "1-0"]
[WhiteTitle "IM"]
[BlackTitle "GM"]
[WhiteElo "2451"]
[BlackElo "2442"]
[WhiteTeam "San Diego Surfers"]
[BlackTeam "Webster Windmills"]
[WhiteFideId "2057360"]
[BlackFideId "722340"]
[EventDate "2019.01.08"]

1. e4 c5 2. Nf3 e6 3. d4 cxd4 4. Nxd4 a6 5. Bd3 Qb6 6. c3 Nf6 7. O-O d6 8. Be3
Qc7 9. Nd2 Be7 10. a4 Nbd7 11. a5 d5 12. Bc2 Nc5 13. Qf3 Ncxe4 14. Nxe4 Nxe4 15.
Bxe4 dxe4 16. Qxe4 O-O 17. Bf4 Qc5 18. Rfe1 Re8 19. Re3 Bf8 20. Rh3 f5 21. Qe2
g6 22. Re3 Kf7 23. b4 Qe7 24. Nf3 Kg8 25. Rd1 Bg7 26. Be5 Bh6 27. Red3 Qf7 28.
Rd4 Qe7 29. R1d3 g5 30. h3 Qf7 31. Rd8 Qe7 32. Bf6 Qxf6 33. Rxe8+ Kf7 34. Rdd8
Bd7 35. Ne5+ 1-0

[Event "PRO League Group Stage"]
[Site "chess.com INT"]
[Date "2019.01.30"]
[Round "4"]
[White "Grabinsky, Aaron"]
[Black "Kiewra, Keaton"]
[Result "1-0"]
[BlackTitle "IM"]
[WhiteElo "2350"]
[BlackElo "2362"]
[WhiteTeam "Webster Windmills"]
[BlackTeam "San Diego Surfers"]
[WhiteFideId "2087090"]
[BlackFideId "2019280"]
[EventDate "2019.01.08"]

1. d4 Nf6 2. Bf4 g6 3. e3 Bg7 4. Nd2 O-O 5. Ngf3 d6 6. h3 Nc6 7. c3 Nd7 8. d5
Nce5 9. Be2 c6 10. e4 cxd5 11. exd5 Nc5 12. Nc4 Nxf3+ 13. Bxf3 Bf5 14. Be2 b5
15. Ne3 Bd7 16. O-O a5 17. Nc2 Qb6 18. Be3 b4 19. a3 b3 20. Nd4 Rac8 21. Rc1 Rc7
22. Bf3 e5 23. dxe6 fxe6 24. Bg4 d5 25. Re1 e5 26. Nf3 Bxg4 27. hxg4 Qd6 28.
Bxc5 Rxc5 29. Qxb3 Rb8 30. Qa2 Kh8 31. Rcd1 Rd8 32. Ng5 Qf6 33. Rxe5 Rf8 34. Nf3
Rc4 35. g5 Qf4 36. Rexd5 Qg4 37. Rd8 Rf4 38. Rxf8+ Bxf8 39. Rd4 a4 40. Qf7 Rxf7
41. Rxg4 Rb7 42. Rxa4 Rxb2 43. Ra8 Kg7 44. Ra7+ Kg8 45. Ne5 Bd6 46. Ra8+ Kg7 47.
f4 Rb3 48. c4 Bxa3 49. Ra7+ Kg8 50. Kh2 Bc1 51. g3 Rc3 52. Rc7 Be3 53. Ng4 Bd4
54. Nf6+ Kf8 55. Nxh7+ Kg8 56. Nf6+ Kf8 57. Nd7+ Ke7 58. Ne5+ Kd6 59. Rd7+ Kc5
60. Rd5+ 1-0

[Event "PRO League Group Stage"]
[Site "chess.com INT"]
[Date "2019.01.30"]
[Round "4"]
[White "Mamedyarov, Shakhriyar"]
[Black "Sarana, Alexey"]
[Result "1-0"]
[WhiteTitle "GM"]
[BlackTitle "GM"]
[WhiteElo "2817"]
[BlackElo "2630"]
[WhiteTeam "San Jose Hackers"]
[BlackTeam "Australia Kangaroos"]
[WhiteFideId "13401319"]
[BlackFideId "24133795"]
[EventDate "2019.01.08"]

1. d4 Nf6 2. c4 e6 3. Nf3 d5 4. Bg5 dxc4 5. Qa4+ Nbd7 6. e4 Be7 7. Nc3 a6 8.
Bxc4 O-O 9. e5 Nb6 10. Qb3 Nfd7 11. Bxe7 Qxe7 12. Bd3 c5 13. dxc5 Nxc5 14. Bxh7+
Kxh7 15. Qxb6 Nd3+ 16. Kf1 Qb4 17. Qe3 Nxb2 18. Rb1 Kg8 19. Kg1 Rd8 20. Qc1 Nd3
21. Qg5 Qa5 22. h4 Bd7 23. Ne4 Bc6 24. h5 Bxe4 25. h6 Bg6 26. hxg7 Nxe5 27. Nxe5
Qd2 28. Qf6 1-0

[Event "PRO League Group Stage"]
[Site "chess.com INT"]
[Date "2019.01.30"]
[Round "4"]
[White "Kuybokarov, Temur"]
[Black "Safarli, Eltaj"]
[Result "0-1"]
[WhiteTitle "IM"]
[BlackTitle "GM"]
[WhiteElo "2513"]
[BlackElo "2681"]
[WhiteTeam "Australia Kangaroos"]
[BlackTeam "San Jose Hackers"]
[WhiteFideId "14203049"]
[BlackFideId "13402129"]
[EventDate "2019.01.08"]

1. d4 Nf6 2. c4 e6 3. Nf3 d5 4. Nc3 Bb4 5. Qa4+ Nc6 6. e3 O-O 7. Qc2 Bd7 8. Bd2
Bxc3 9. Bxc3 Ne4 10. Bd3 f5 11. Qb3 Nxc3 12. Qxc3 Be8 13. O-O Bh5 14. Nd2 Ne7
15. f4 Kh8 16. b4 Rg8 17. Nb3 b6 18. c5 g5 19. Rac1 Ng6 20. cxb6 axb6 21. Rf2
Ra7 22. Bf1 h6 23. Kh1 Qd6 24. Qc6 Rga8 25. Qb5 Ne7 26. Rfc2 gxf4 27. exf4 Qxf4
28. Qd7 Qd6 29. Qxd6 cxd6 30. Re1 Bf7 31. Nc1 Kg7 32. Bd3 Kf6 33. b5 Ra4 34. Rc7
Rxd4 35. Rd7 Nc8 36. Rd8 e5 37. Rf1 e4 38. Be2 Be6 39. g4 Rda4 40. gxf5 Bf7 41.
Rh8 Ne7 42. Rxh6+ Ke5 43. Rh7 Rf8 44. Bh5 Kf6 45. Bxf7 Rxf7 46. Rh6+ Ke5 47.
Re6+ Kd4 48. f6 Ng6 49. Rxd6 Kc5 50. Rd8 Ne5 51. Rf5 Kd4 52. Nb3+ Ke3 53. Rxe5
Rxf6 54. Rdxd5 Rxa2 55. Rf5 Rxf5 56. Rxf5 Rb2 57. Nc1 Rb1 58. Rf6 Rxc1+ 59. Kg2
Kd2 60. Rd6+ Ke2 61. Rxb6 e3 62. Re6 Rc5 63. b6 Rg5+ 64. Kh3 Rg7 65. Kh4 Kf3 66.
Kh5 e2 67. Rf6+ Ke4 68. Re6+ Kf5 0-1

[Event "PRO League Group Stage"]
[Site "chess.com INT"]
[Date "2019.01.30"]
[Round "4"]
[White "Yoo, Christopher Woojin"]
[Black "Cheng, Bobby"]
[Result "0-1"]
[WhiteTitle "FM"]
[BlackTitle "IM"]
[WhiteElo "2388"]
[BlackElo "2520"]
[WhiteTeam "San Jose Hackers"]
[BlackTeam "Australia Kangaroos"]
[WhiteFideId "30909694"]
[BlackFideId "4300033"]
[EventDate "2019.01.08"]

1. e4 e6 2. d4 d5 3. Nc3 Bb4 4. e5 c5 5. a3 Bxc3+ 6. bxc3 Qa5 7. Bd2 Qa4 8. Qg4
Kf8 9. Qd1 Ne7 10. Nf3 b6 11. c4 Ba6 12. cxd5 Bxf1 13. Kxf1 Nxd5 14. dxc5 bxc5
15. g3 h6 16. h4 Ke7 17. Kg2 Nd7 18. Rc1 Rhd8 19. c4 Qxd1 20. Rhxd1 N5b6 21. Bf4
Rdc8 22. Nd2 Rc7 23. Ne4 Rb8 24. Rb1 Rc6 25. Be3 Rc7 26. Rdc1 Na4 27. Rxb8 Nxb8
28. Rb1 Nd7 29. f4 Nab6 30. Rc1 f6 31. exf6+ gxf6 32. f5 exf5 33. Nc3 h5 34. Rf1
Ke6 35. Re1 Ne5 36. Nb5 Rd7 37. Bxc5 Nxc4 38. Bxa7 Rd2+ 39. Kh1 Kf7 40. Rf1 Kg6
41. Nd4 Ne3 42. Re1 N3g4 43. Re2 Rd3 44. Kg2 Rxa3 45. Bc5 Rc3 46. Ne6 Kf7 47.
Nd8+ Ke8 48. Ne6 Kd7 49. Nf8+ Kc6 50. Bd4 Rd3 51. Bb2 Kd5 52. Nh7 f4 53. Nxf6+
Nxf6 54. Rxe5+ Kd6 55. Rf5 Rxg3+ 56. Kf1 Nd5 57. Rxh5 Ne3+ 58. Kf2 Nd1+ 59. Ke2
Nxb2 60. Rf5 Re3+ 61. Kf1 Nd3 62. h5 Ke6 63. Rf8 Rh3 64. Ke2 Ke5 65. Re8+ Kd4
66. h6 Rh2+ 67. Kf3 Rxh6 68. Rd8+ Kc3 69. Rc8+ Kd2 70. Rd8 Rh3+ 71. Kg4 Re3 72.
Rd5 Ke2 73. Ra5 Rg3+ 74. Kf5 Ke3 75. Ra6 f3 76. Re6+ Kd2 77. Ra6 f2 78. Ra2+ Ke3
79. Ra1 Rf3+ 0-1

[Event "PRO League Group Stage"]
[Site "chess.com INT"]
[Date "2019.01.30"]
[Round "4"]
[White "Song, Raymond"]
[Black "Ravuri, Vinesh"]
[Result "1-0"]
[WhiteTitle "FM"]
[WhiteElo "2329"]
[BlackElo "2042"]
[WhiteTeam "Australia Kangaroos"]
[BlackTeam "San Jose Hackers"]
[WhiteFideId "3203824"]
[BlackFideId "45042632"]
[EventDate "2019.01.08"]

1. Nf3 Nf6 2. g3 g6 3. Bg2 Bg7 4. O-O O-O 5. d4 d6 6. b3 c5 7. c4 Nc6 8. Bb2 Bg4
9. d5 Na5 10. h3 Bd7 11. Nc3 a6 12. Nd2 b5 13. Rc1 Rb8 14. Ba1 bxc4 15. bxc4 Rb4
16. a3 Rb8 17. Qc2 Qc7 18. Rb1 Rxb1 19. Rxb1 Rb8 20. Kh2 h5 21. e4 h4 22. g4 Bh6
23. Nf3 Bf4+ 24. Kg1 Nxc4 25. Rxb8+ Qxb8 26. Ne2 Be5 27. Nxe5 Nxe5 28. g5 Nxe4
29. Bxe4 c4 30. f4 Nd3 31. Bxd3 cxd3 32. Qxd3 Bf5 33. Qc3 f6 34. gxf6 Qb1+ 35.
Kf2 Qh1 36. fxe7 Qh2+ 37. Ke1 Qh1+ 38. Kd2 Qxd5+ 39. Qd4 1-0

[Event "PRO League Group Stage"]
[Site "chess.com INT"]
[Date "2019.01.30"]
[Round "4"]
[White "Zhao, Jun"]
[Black "Erenburg, Sergey"]
[Result "1-0"]
[WhiteTitle "GM"]
[BlackTitle "GM"]
[WhiteElo "2610"]
[BlackElo "2589"]
[WhiteTeam "Chengdu Pandas"]
[BlackTeam "Pittsburgh Pawngrabbers"]
[WhiteFideId "8602522"]
[BlackFideId "2805642"]
[EventDate "2019.01.08"]

1. Nf3 d5 2. g3 c6 3. Bg2 Bg4 4. O-O Nf6 5. d3 e6 6. b3 Be7 7. Bb2 O-O 8. Nbd2
a5 9. a3 Nbd7 10. h3 Bh5 11. c4 Qb6 12. Qc2 Rfd8 13. Rab1 Ne8 14. Rfe1 Bf6 15.
Bxf6 Nexf6 16. Qb2 Bxf3 17. Nxf3 h6 18. Rec1 Qc7 19. cxd5 exd5 20. Nd4 Qe5 21.
e3 Re8 22. b4 axb4 23. axb4 Ra4 24. Ra1 Rea8 25. Rxa4 Rxa4 26. Ra1 Rxa1+ 27.
Qxa1 Qc7 28. Nb3 Ne8 29. Qa8 Qb8 30. Qa5 Nd6 31. Qa1 Nb5 32. Nc5 Nxc5 33. bxc5
Qa7 34. Qe5 Qxc5 35. Qb8+ Qf8 36. Qxb7 Qd6 37. h4 h5 38. Bh3 Nc7 39. Qc8+ Kh7
40. Qf5+ Kg8 41. Qxh5 d4 42. e4 Na6 43. e5 Qe7 44. e6 fxe6 45. Qe5 Nc5 46. Qxd4
e5 47. Qc4+ Kh8 48. Bf5 Qd6 49. Qf7 Qf6 50. Qe8+ 1-0

[Event "PRO League Group Stage"]
[Site "chess.com INT"]
[Date "2019.01.30"]
[Round "4"]
[White "Shabalov, Alexander"]
[Black "Bai, Jinshi"]
[Result "0-1"]
[WhiteTitle "GM"]
[BlackTitle "GM"]
[WhiteElo "2529"]
[BlackElo "2572"]
[WhiteTeam "Pittsburgh Pawngrabbers"]
[BlackTeam "Chengdu Pandas"]
[WhiteFideId "2008572"]
[BlackFideId "8602280"]
[EventDate "2019.01.08"]

1. d4 Nf6 2. c4 c6 3. Nc3 d5 4. Nf3 dxc4 5. g3 g6 6. Bg2 Bg7 7. O-O O-O 8. a4
Nd5 9. e4 Nb4 10. Bg5 Bg4 11. d5 Nd3 12. Qd2 Nd7 13. h3 Bxf3 14. Bxf3 N7c5 15.
Ra3 Re8 16. Qe3 Qb6 17. Rb1 Nb3 18. a5 Nxa5 19. Na4 Qb4 20. Be2 cxd5 21. exd5 b5
22. Nc3 Nb3 23. Bxd3 Bxc3 24. Bc2 Bd4 25. Qe2 a5 26. Bxb3 cxb3 27. Rd1 a4 28.
Raa1 Bf6 29. Bd2 Qc4 30. Qf3 Bxb2 31. Rab1 a3 32. Bh6 Qc3 33. Qe2 Qc2 34. Qf3
Qf5 35. Qxb3 Bf6 36. Qa2 Reb8 37. d6 exd6 38. Rxd6 b4 39. Rdd1 Qe6 40. Rb3 Rd8
41. Rdb1 Bc3 42. Be3 Rac8 43. Qe2 Ra8 44. Qa2 Re8 45. Kh2 h5 46. h4 Bf6 47. Rd1
Bc3 48. Rd3 Rad8 49. Rxd8 Rxd8 50. Rxc3 Qxa2 51. Rc7 Qe6 0-1

[Event "PRO League Group Stage"]
[Site "chess.com INT"]
[Date "2019.01.30"]
[Round "4"]
[White "Li, Di"]
[Black "Le, Tuan Minh"]
[Result "0-1"]
[WhiteTitle "IM"]
[BlackTitle "IM"]
[WhiteElo "2488"]
[BlackElo "2515"]
[WhiteTeam "Chengdu Pandas"]
[BlackTeam "Pittsburgh Pawngrabbers"]
[WhiteFideId "8607508"]
[BlackFideId "12401153"]
[EventDate "2019.01.08"]

1. Nf3 Nf6 2. c4 e6 3. g3 d5 4. d4 Bb4+ 5. Bd2 Be7 6. Bg2 O-O 7. O-O c6 8. Qb3
Nbd7 9. Nc3 Nb6 10. cxd5 exd5 11. a4 Nc4 12. Bf4 Qb6 13. Qxb6 axb6 14. Ne5 Na5
15. Rad1 Bf5 16. f3 Rfd8 17. g4 Bc2 18. Rd2 Bb3 19. e3 Ne8 20. g5 Nd6 21. Bh3
Ndc4 22. Rg2 Nxe5 23. dxe5 d4 24. exd4 Rxd4 25. Be3 Rd3 26. Bxb6 Nc4 27. a5 Nxb6
28. axb6 Bc5+ 29. Kh1 Rxf3 30. Rg3 Rxf1+ 31. Bxf1 Bxb6 32. Kg2 Bd4 33. Rg4 Rd8
34. h4 Be6 35. Rf4 Bxe5 36. Rf2 Rd4 0-1